The Municipalities of North Macedonia in Macedonian - Statistics

General Stats
  • This quiz has been taken 7 times
  • The average score is 51 of 80
Answer Stats
English Македонски % Correct
Aerodrom Аеродром
100%
Bitola Битола
100%
Aračinovo Арачиново
80%
Berovo Берово
80%
Bogdanci Богданци
80%
Bosilovo Босилово
80%
Brvenica Брвеница
80%
Butel Бутел
80%
Čair Чаир
80%
Čaška Чашка
80%
Centar Центар
80%
Centar Župa Центар Жупа
80%
Bogovinje Боговиње
60%
Češinovo-Obleševo Чешиново-Облешево
60%
Čučer-Sandevo Чучер-Сандево
60%
Debar Дебар
60%
Debarca Дебарца
60%
Delčevo Делчево
60%
Demir Hisar Демир Хисар
60%
Demir Kapija Демир Капија
60%
Dojran Дојран
60%
Dolneni Долнени
60%
Gevgelija Гевгелија
60%
Gjorče Petrov Ѓорче Петров
60%
Gostivar Гостивар
60%
Gradsko Градско
60%
Gazi Baba Гази Баба
60%
Ilinden Илинден
60%
Jegunovce Јегуновце
60%
Karbinci Карбинци
60%
Karpoš Карпош
60%
Kavadarci Кавадарци
60%
Kičevo Кичево
60%
Kisela Voda Кисела Вода
60%
Kočani Кочани
60%
Konče Конче
60%
Kratovo Кратово
60%
Kriva Palanka Крива Паланка
60%
Krivogaštani Кривогаштани
60%
Kruševo Крушево
60%
Kumanovo Куманово
60%
Lipkovo Липково
60%
Lozovo Лозово
60%
Makedonska Kamenica Македонска Каменица
60%
Makedonski Brod Македонски Брод
60%
Mavrovo and Rostuša Маврово и Ростуша
60%
Mogila Могила
60%
Negotino Неготино
60%
Novaci Новаци
60%
Novo Selo Ново Село
60%
Ohrid Охрид
60%
Pehčevo Пехчево
60%
Petrovec Петровец
60%
Plasnica Пласница
60%
Prilep Прилеп
60%
Probištip Пробиштип
60%
Radoviš Радовиш
60%
Rankovce Ранковце
60%
Resen Ресен
60%
Rosoman Росоман
60%
Saraj Сарај
60%
Štip Штип
60%
Sopište Сопиште
60%
Staro Nagoričane Старо Нагоричане
60%
Struga Струга
60%
Strumica Струмица
60%
Studeničani Студеничани
60%
Šuto Orizari Шуто Оризари
60%
Sveti Nikole Свети Николе
60%
Tearce Теарце
60%
Tetovo Тетово
60%
Valandovo Валандово
60%
Vasilevo Василево
60%
Veles Велес
60%
Vevčani Вевчани
60%
Vinica Виница
60%
Vrapčište Врапчиште
60%
Zelenikovo Зелениково
60%
Želino Желино
60%
Zrnovci Зрновци
60%
No matching quizzes found
Score Distribution
Percent of People with Each Score
Percentile by Number Answered
Your Score History
You have not taken this quiz